[Event "Lignano Bella Italia op 1st"]
[Site "Lignano Sabbiadoro"]
[Date "2022.08.20"]
[Round "5"]
[White "Priyanka, Nutakki"]
[Black "Lapiccirella, Daniele"]
[Result "1/2-1/2"]
[WhiteElo "2308"]
[BlackElo "2173"]
[PlyCount "56"]
[EventDate "2022.08.18"]
[EventType "swiss"]
[EventRounds "9"]
[EventCountry "ITA"]
[SourceTitle "CBM 210 Extra"]
[Source "ChessBase"]
[SourceDate "2022.11.30"]
[SourceVersion "1"]
[SourceVersionDate "2022.11.30"]
[SourceQuality "1"]

1. d4 d5 2. Nf3 Nf6 3. Bf4 e6 4. e3 Bd6 5. Bd3 0-0 6. Nbd2 c5 7. c3 Nc6 8. Bg3 b6 9. Qe2 Bb7 10. Rd1 Be7 11. a3 h6 12. dxc5 bxc5 13. e4 Qb6 14. e5 Nd7 15. Nf1 a5 16. Ne3 Ba6 17. c4 Nd4 18. Qd2 Nxf3+ 19. gxf3 dxc4 20. Nxc4 Bxc4 21. Bxc4 Rad8 22. Qe2 Nb8 23. 0-0 Nc6 24. Qe4 Nd4 25. Bd3 Nf5 26. Qe2 Nd4 27. Qe4 Nf5 28. Qe2 Nd4 1/2-1/2

[Event "Vimercate op"]
[Site "Vimercate"]
[Date "2018.11.25"]
[Round "4"]
[White "Trangoni, Bruno"]
[Black "Lapiccirella, Daniele"]
[Result "0-1"]
[WhiteElo "1925"]
[BlackElo "2205"]
[PlyCount "88"]
[EventDate "2018.11.23"]
[EventType "swiss"]
[EventRounds "5"]
[EventCountry "ITA"]
[SourceTitle "CBM 187 Extra"]
[Source "ChessBase"]
[SourceDate "2018.11.04"]
[SourceVersion "1"]
[SourceVersionDate "2018.11.04"]
[SourceQuality "1"]

1. Nf3 d5 2. d4 Nf6 3. Bf4 e6 4. e3 Bd6 5. Bg3 0-0 6. Bd3 c5 7. c3 b6 8. Qe2 Bb7 9. Nbd2 Nc6 10. Ne5 Ne7 11. 0-0 Qc7 12. Ndf3 Ne4 13. Ba6 Bxa6 14. Qxa6 c4 15. h3 f6 16. Ng4 Bxg3 17. fxg3 Nf5 18. Rfe1 Qxg3 19. Re2 Qc7 20. Qa4 Rab8 21. Qc2 b5 22. Nd2 Nfg3 23. Ree1 Nxd2 24. Qxd2 Ne4 25. Qc2 b4 26. Nf2 bxc3 27. Nxe4 cxb2 28. Rab1 dxe4 29. Rxb2 Rxb2 30. Qxb2 c3 31. Qb3 Qc6 32. Rc1 Rc8 33. Rc2 h6 34. Qa3 Rc7 35. Qb3 Kh7 36. Kf2 f5 37. Qa3 Qc4 38. g3 Qd3 39. Qc1 g5 40. Re2 c2 41. Re1 Rc3 42. a4 f4 43. gxf4 gxf4 44. exf4 Qg3+ 0-1

[Event "Mortara op"]
[Site "Mortara"]
[Date "2016.09.??"]
[Round "1.1"]
[White "Lapiccirella, Daniele"]
[Black "Unterthurner, Hans"]
[Result "1-0"]
[WhiteElo "2268"]
[BlackElo "1923"]
[PlyCount "139"]
[EventDate "2016.09.??"]
[EventType "swiss"]
[EventRounds "5"]
[EventCountry "ITA"]
[SourceTitle "EXT 2024"]
[Source "ChessBase"]
[SourceDate "2023.10.10"]
[SourceVersion "1"]
[SourceVersionDate "2023.10.10"]
[SourceQuality "1"]

1. d4 Nf6 2. c4 g6 3. Nc3 d5 4. Bg5 Ne4 5. Bh4 Nxc3 6. bxc3 Bg7 7. e3 c5 8. cxd5 Qxd5 9. Nf3 cxd4 10. cxd4 Nc6 11. Be2 0-0 12. 0-0 b6 13. Qb3 Qd6 14. Bg3 Qd8 15. Rad1 Bf5 16. Ba6 Bc8 17. Be2 Bf5 18. Rc1 Be4 19. Nd2 Bd5 20. Qa4 Na5 21. Bc7 Qe8 22. Bb5 Qc8 23. Bxb6 axb6 24. Rxc8 Rfxc8 25. Qb4 Rc2 26. a4 Bf8 27. Nf3 Rac8 28. Bd7 Rb8 29. Qb1 Rc7 30. Bb5 Nc4 31. e4 Na3 32. Qd3 Nxb5 33. exd5 Nc3 34. h4 Nxd5 35. Qe4 e6 36. h5 Ra8 37. Ra1 Bg7 38. hxg6 hxg6 39. Ng5 Rc4 40. Nxe6 fxe6 41. Qxe6+ Kh7 42. Qxd5 Raxa4 43. Rxa4 Rxa4 44. Qb7 Rxd4 45. Qxb6 Rd2 46. Qe3 Rd4 47. g3 Rd7 48. Kg2 Rb7 49. Qe4 Rb2 50. Qf4 Rb5 51. Qf7 Rf5 52. Qd7 Re5 53. f4 Ra5 54. Qe6 Rf5 55. Kf3 Rf8 56. g4 Rf6 57. Qe7 Rf8 58. Ke4 Ra8 59. f5 Ra4+ 60. Kf3 gxf5 61. gxf5 Ra6 62. Kg4 Rf6 63. Qe4 Kg8 64. Kg5 Rh6 65. Qe7 Bf6+ 66. Qxf6 Rxf6 67. Kxf6 Kf8 68. Kg6 Kg8 69. f6 Kh8 70. Kf7 1-0

[Event "Biella op 6th"]
[Site "Biella"]
[Date "2015.09.26"]
[Round "3"]
[White "Lapiccirella, Daniele"]
[Black "Tirelli, Mauro"]
[Result "1/2-1/2"]
[WhiteElo "2246"]
[BlackElo "2155"]
[PlyCount "31"]
[EventDate "2015.09.25"]
[EventType "swiss"]
[EventRounds "5"]
[EventCountry "ITA"]
[SourceTitle "EXT 2016"]
[Source "ChessBase"]
[SourceDate "2015.10.08"]
[SourceVersion "1"]
[SourceVersionDate "2015.10.08"]
[SourceQuality "1"]

1. d4 Nf6 2. c4 e6 3. Nc3 Bb4 4. Nf3 c5 5. g3 Qa5 6. Qd3 Nc6 7. dxc5 Bxc3+ 8. Qxc3 Qxc3+ 9. bxc3 Ne4 10. Nd4 Nxc5 11. Ba3 b6 12. Bg2 Bb7 13. Bxc5 bxc5 14. Nxc6 Bxc6 15. Bxc6 dxc6 16. Kd2 1/2-1/2

[Event "Mortara Weekend 5th"]
[Site "Mortara"]
[Date "2015.09.18"]
[Round "1"]
[White "Lapiccirella, Daniele"]
[Black "Scarsella, Lorenzo Luigi"]
[Result "1-0"]
[WhiteElo "2246"]
[BlackElo "1915"]
[PlyCount "98"]
[EventDate "2015.09.18"]
[EventType "swiss"]
[EventRounds "5"]
[EventCountry "ITA"]
[SourceTitle "EXT 2024"]
[Source "ChessBase"]
[SourceDate "2023.10.10"]
[SourceVersion "1"]
[SourceVersionDate "2023.10.10"]
[SourceQuality "1"]

1. d4 d6 2. c4 Nf6 3. Nc3 g6 4. e4 Bg7 5. f3 c6 6. Be3 Nbd7 7. Bd3 e5 8. d5 c5 9. Nge2 0-0 10. Qd2 a6 11. g4 Rb8 12. Ng3 Qa5 13. a4 Ne8 14. h4 Qd8 15. Kf2 Qe7 16. Kg2 Nb6 17. h5 f6 18. a5 Na8 19. Na4 Bd7 20. b4 b5 21. axb6 Nxb6 22. Nxb6 Rxb6 23. bxc5 dxc5 24. Qf2 Rb3 25. Bxc5 Qd8 26. Qc2 Qb8 27. Rhb1 Rxb1 28. Qxb1 Qxb1 29. Bxb1 Rf7 30. Rxa6 Bc8 31. Ra5 Rb7 32. Bd3 Kf7 33. Ba3 Rb3 34. Be2 Nc7 35. c5 Ke8 36. c6 Kd8 37. d6 Ne6 38. c7+ Nxc7 39. dxc7+ Kxc7 40. Ra7+ Bb7 41. Ba6 Rxa3 42. Rxb7+ Kc6 43. Rxg7 Rxa6 44. Rxh7 Ra2+ 45. Kh3 gxh5 46. gxh5 Ra3 47. Kg4 Ra8 48. h6 Kd6 49. Nf5+ Ke6 1-0

[Event "Monza e Brianza Province-ch"]
[Site "Ceriano Laghetto"]
[Date "2015.01.27"]
[Round "2"]
[White "Lapiccirella, Daniele"]
[Black "Frigerio, Roberto"]
[Result "1-0"]
[WhiteElo "2228"]
[BlackElo "1703"]
[PlyCount "37"]
[EventDate "2015.01.20"]
[EventType "swiss"]
[EventRounds "6"]
[EventCountry "ITA"]
[SourceTitle "EXT 2017"]
[Source "ChessBase"]
[SourceDate "2016.10.25"]
[SourceVersion "1"]
[SourceVersionDate "2016.10.25"]
[SourceQuality "1"]

1. d4 Nf6 2. c4 g6 3. Nc3 Bg7 4. e4 d6 5. f3 0-0 6. Be3 e6 7. Qd2 Re8 8. Nge2 Nbd7 9. 0-0-0 c5 10. dxc5 dxc5 11. e5 Nh5 12. g4 Bxe5 13. gxh5 Qa5 14. hxg6 fxg6 15. h4 Bxc3 16. Nxc3 Ne5 17. h5 Qc7 18. hxg6 Nxg6 19. Bd3 1-0

[Event "Monza e Brianza Province-ch"]
[Site "Ceriano Laghetto"]
[Date "2014.02.18"]
[Round "5"]
[White "Squillante, Michele"]
[Black "Lapiccirella, Daniele"]
[Result "0-1"]
[WhiteElo "1709"]
[BlackElo "2215"]
[PlyCount "32"]
[EventDate "2014.01.21"]
[EventType "swiss"]
[EventRounds "6"]
[EventCountry "ITA"]
[SourceTitle "EXT 2015"]
[Source "ChessBase"]
[SourceDate "2014.11.20"]
[SourceVersion "1"]
[SourceVersionDate "2014.11.20"]
[SourceQuality "1"]

1. d4 d5 2. Nf3 Nf6 3. Bg5 Ne4 4. Bh4 c5 5. e3 Qb6 6. Qc1 cxd4 7. Nxd4 Qh6 8. Bg3 Nxg3 9. fxg3 e5 10. Bb5+ Bd7 11. Bxd7+ Nxd7 12. Nf5 Qg5 13. 0-0 g6 14. Nh4 Bc5 15. Re1 e4 16. c3 Ne5 0-1

[Event "Ceriano Laghetto op 22nd"]
[Site "Ceriano Laghetto"]
[Date "2013.03.03"]
[Round "4"]
[White "Lapiccirella, Daniele"]
[Black "Sbarra, Marco"]
[Result "1/2-1/2"]
[WhiteElo "2187"]
[BlackElo "2259"]
[PlyCount "99"]
[EventDate "2013.03.01"]
[EventType "swiss"]
[EventRounds "5"]
[EventCountry "ITA"]
[SourceTitle "EXT 2014"]
[Source "ChessBase"]
[SourceDate "2013.11.20"]
[SourceVersion "1"]
[SourceVersionDate "2013.11.20"]
[SourceQuality "1"]

1. d4 Nf6 2. c4 e6 3. Nc3 Bb4 4. Nf3 d5 5. Bg5 Nbd7 6. cxd5 exd5 7. e3 c5 8. Bd3 Qa5 9. Qc2 0-0 10. 0-0 Re8 11. Bxf6 Nxf6 12. dxc5 Qxc5 13. Rac1 Bg4 14. a3 Bxc3 15. Qxc3 Qb6 16. Nd4 Rac8 17. Qb4 Qxb4 18. axb4 Rxc1 19. Rxc1 Re7 20. f3 Bd7 21. Kf2 Be8 22. Rc8 a6 23. Bc2 g6 24. Bb3 Kg7 25. g4 h6 26. h4 Re5 27. Rc7 Bc6 28. Nxc6 bxc6 29. Rxc6 Re6 30. Rxe6 fxe6 31. Bc2 Ne8 32. Bd3 Nc7 33. g5 hxg5 34. hxg5 e5 35. Ke2 Kf7 36. Kd2 Ne6 37. Bxa6 Nxg5 38. Ke2 Ke7 39. Kf2 Ne6 40. Kg3 Nc7 41. Bd3 g5 42. Kg4 Kf6 43. Be2 Na8 44. Bb5 Nb6 45. b3 Kg6 46. Bd3+ Kf6 47. Kh5 Nd7 48. Kh6 Nb6 49. Kh5 Nd7 50. Kh6 1/2-1/2

[Event "Monza e Brianza Province-ch"]
[Site "Barlassina"]
[Date "2013.02.??"]
[Round "?"]
[White "Lapiccirella, Daniele"]
[Black "Vezzosi, Paolo"]
[Result "0-1"]
[WhiteElo "2193"]
[BlackElo "2287"]
[PlyCount "68"]
[EventDate "2013.02.01"]
[EventType "swiss"]
[EventRounds "5"]
[EventCountry "ITA"]
[SourceTitle "EXT 2014"]
[Source "ChessBase"]
[SourceDate "2013.11.20"]
[SourceVersion "1"]
[SourceVersionDate "2013.11.20"]
[SourceQuality "1"]

1. d4 Nf6 2. c4 g6 3. Nc3 Bg7 4. e4 d6 5. f3 Nc6 6. Nge2 a6 7. Be3 Bd7 8. Rb1 0-0 9. b4 e5 10. b5 Na5 11. Nc1 axb5 12. cxb5 exd4 13. Bxd4 Be6 14. Be2 c5 15. bxc6 bxc6 16. 0-0 c5 17. Bf2 Ng4 18. fxg4 Bxc3 19. Qc2 Be5 20. Nd3 Nc6 21. Nxe5 Nxe5 22. Rb2 Bxg4 23. Bg3 Bxe2 24. Qxe2 Qe7 25. Rd2 Ra4 26. Rfd1 Nc4 27. Bxd6 Nxd6 28. Rxd6 Rxe4 29. Qf2 Re2 30. Qg3 Rxa2 31. h3 Rc2 32. Qd3 Re2 33. Qd5 Qe3+ 34. Kh1 Re8 0-1

[Event "Monza e Brianza Province-ch"]
[Site "Barlassina"]
[Date "2013.02.??"]
[Round "?"]
[White "Montilli, Vincenzo"]
[Black "Lapiccirella, Daniele"]
[Result "1/2-1/2"]
[WhiteElo "1971"]
[BlackElo "2193"]
[PlyCount "37"]
[EventDate "2013.02.01"]
[EventType "swiss"]
[EventRounds "5"]
[EventCountry "ITA"]
[SourceTitle "EXT 2014"]
[Source "ChessBase"]
[SourceDate "2013.11.20"]
[SourceVersion "1"]
[SourceVersionDate "2013.11.20"]
[SourceQuality "1"]

1. d4 d5 2. c4 c6 3. Nc3 Nf6 4. Nf3 e6 5. e3 Nbd7 6. Qc2 Bd6 7. b3 0-0 8. Bb2 e5 9. cxd5 cxd5 10. dxe5 Nxe5 11. Nxe5 Bxe5 12. Bd3 Be6 13. Nb5 Rc8 14. Qd2 Bb8 15. 0-0 Ne4 16. Bxe4 dxe4 17. Qxd8 Rcxd8 18. Nd4 Bc8 19. Rac1 1/2-1/2

[Event "Milan Crespi op-A 33rd"]
[Site "Milan"]
[Date "2012.12.08"]
[Round "9"]
[White "Quaranta, Cristiano"]
[Black "Lapiccirella, Daniele"]
[Result "1/2-1/2"]
[WhiteElo "2102"]
[BlackElo "2210"]
[PlyCount "24"]
[EventDate "2012.12.01"]
[EventType "swiss"]
[EventRounds "9"]
[EventCountry "ITA"]
[SourceTitle "CBM 151 Extra"]
[Source "ChessBase"]
[SourceDate "2012.12.18"]
[SourceVersion "1"]
[SourceVersionDate "2012.12.18"]
[SourceQuality "1"]

1. d4 d5 2. c4 c6 3. cxd5 cxd5 4. Nc3 Nf6 5. Nf3 Nc6 6. Bf4 a6 7. e3 Bg4 8. Be2 e6 9. h3 Bxf3 10. Bxf3 Bd6 11. Bxd6 Qxd6 12. 0-0 0-0 1/2-1/2